000 00667nam a2200229 a 4500
005 20240924070127.0
008 991125s2001 mx 000 0 spa u
020 _a9688671266
035 _aUPN01000136392
049 _aCG
050 4 _aHQ504
_bE5.68g
100 1 _aEngels, Friedrich,
_d1820-1895
245 1 3 _aEl origen de la familia, la propiedad privada y el Estado /
_cFederico Engels.
260 _aMéxico :
_bColofón,
_c2001.
300 _a207 p.
440 0 _aSociología
600 1 4 _aMORGAN, LEWIS HENRY,
_d1818-1881
650 4 _aEstado
_96019
650 4 _aFamilias
_xHistoria
_920778
650 4 _aSociedades primitivas
_914809
905 _aLibro
999 _c108543
_d108543